Cities by Old Photos #2 - Statistics

General Stats
  • This quiz has been taken 182 times
  • The average score is 9 of 18
Answer Stats
Picture Hint Answer % Correct
1945 Berlin
85%
1917 Moscow
82%
1948 Delhi
64%
1941 London
63%
1914 Sarajevo
61%
1889 Rio De Janeiro
59%
1934 San Francisco
55%
1951 Las Vegas
54%
1937 Shanghai
51%
1912 Belfast
48%
1896 Athens
46%
1975 Ho Chi Minh City
45%
1934 Jerusalem
43%
1947 Hiroshima
38%
1932 Sydney
30%
1909 Rome
29%
1892 Chicago
12%
1868 Hong Kong
6%
No matching quizzes found
Score Distribution
Percent of People with Each Score
Percentile by Number Answered
Your Score History
You have not taken this quiz